Basic hazardous waste management (Record no. 2995)

MARC details
000 -LEADER
fixed length control field 00594nam a22002177a 4500
003 - CONTROL NUMBER IDENTIFIER
control field OSt
005 - DATE AND TIME OF LATEST TRANSACTION
control field 20160208152634.0
008 - FIXED-LENGTH DATA ELEMENTS--GENERAL INFORMATION
fixed length control field 160208b xxu||||| |||| 00| 0 eng d
020 ## - INTERNATIONAL STANDARD BOOK NUMBER
International Standard Book Number 1566705339
040 ## - CATALOGING SOURCE
Transcribing agency DDC
082 ## - DEWEY DECIMAL CLASSIFICATION NUMBER
Classification number 363.7 BLA 2001
100 ## - MAIN ENTRY--PERSONAL NAME
Personal name Blackman, William C.
9 (RLIN) 6737
245 ## - TITLE STATEMENT
Title Basic hazardous waste management
250 ## - EDITION STATEMENT
Edition statement 3rd ed.
260 ## - PUBLICATION, DISTRIBUTION, ETC. (IMPRINT)
Place of publication, distribution, etc. Boca Raton; CRC Press, 2001
300 ## - PHYSICAL DESCRIPTION
Extent 468p; ill: 24cm
504 ## - BIBLIOGRAPHY, ETC. NOTE
Bibliography, etc Appendices, references, glossary & index included
650 ## - SUBJECT ADDED ENTRY--TOPICAL TERM
Topical term or geographic name as entry element Waste management
9 (RLIN) 5510
650 ## - SUBJECT ADDED ENTRY--TOPICAL TERM
Topical term or geographic name as entry element Hazardous waste
9 (RLIN) 6738
942 ## - ADDED ENTRY ELEMENTS (KOHA)
Source of classification or shelving scheme Dewey Decimal Classification
Koha item type Open Shelf
Holdings
Withdrawn status Lost status Source of classification or shelving scheme Damaged status Not for loan Home library Current library Date acquired Source of acquisition Inventory number Total Checkouts Full call number Barcode Date last seen Koha item type Price effective from
    Dewey Decimal Classification     MUST Main Library MUST Main Library 08/02/2016   15/39436   363.7 BLA 2001 2016-0126 08/02/2016 Open Shelf  
    Dewey Decimal Classification     MUST Main Library MUST Main Library 27/06/2024 Purchase 11/33680   363.7 BLA 2001 2024-21558 27/06/2024 Open Shelf 27/06/2024